01511nam a2200373 i 4500001000700000003000800007005001700015006001900032007001500051008004100066020001800107020002700125035002200152040003100174050002300205080001900228082001700247100003000264245015500294264005000449300004200499336002900541337003300570338003900603588008300642590016200725650004300887650004400930655002700974700003601001797001801037856006301055999001901118137136FINmELB20241217181106.0m o u cr cn|||||||||210730s2020 mx o 000 0 spa d z9786076294734 a9786076294932 (e-book) a(OCoLC)1269023212 aFINmELBbspaerdacFINmELB14aKGF4589bP944 2020 a34:351.713(72)04a343.72042231 aPérez Chávez, José.10aProntuario Tributario Profesional :bcorrelacionado artículo por artículo con casos prácticos /cJosé Pérez Chávez, Raymundo Fol Olguín. 1aMéxico, D.F. :bTax Editores Unidos,c2020. a1 recurso en línea (2042 páginas) atextobtxt2rdamedia/spa acomputadorabc2rdamedia/spa arecurso en línea2rdacarrier/spa aDescripción basada en metadatos suministrados por el editor y otras fuentes. aRecurso electrónico. Santa Fe, Arg.: elibro, 2021. Disponible vía World Wide Web. El acceso puede estar limitado para las bibliotecas afiliadas a elibro. 0aTaxationxLaw and legislationzMexico. 4aTributaciónxLegislaciónzMéxico. 4aLibros electrónicos.1 aFol Olguín, Raymundo,eautor.2 aelibro, Corp.40uhttps://elibro.net/ereader/politecnicointernacional/128214 c137136d137136